Physiotherapy :a psychosocial approach (Record no. 844)

MARC details
000 -LEADER
fixed length control field 00929pam a2200289 a 4500
001 - CONTROL NUMBER
control field 3999517
003 - CONTROL NUMBER IDENTIFIER
control field OSt
005 - DATE AND TIME OF LATEST TRANSACTION
control field 20221008115419.0
008 - FIXED-LENGTH DATA ELEMENTS--GENERAL INFORMATION
fixed length control field 961030s1997 enk b 001 0 eng c
010 ## - LIBRARY OF CONGRESS CONTROL NUMBER
LC control number 96037310
020 ## - INTERNATIONAL STANDARD BOOK NUMBER
International Standard Book Number 0750626089
040 ## - CATALOGING SOURCE
Original cataloging agency DNLM/DLC
Transcribing agency DLC
Modifying agency DLC
050 00 - LIBRARY OF CONGRESS CALL NUMBER
Classification number RM701
Item number .P49 1997
060 10 - NATIONAL LIBRARY OF MEDICINE CALL NUMBER
Classification number WB 460 P5788 1996
082 00 - DEWEY DECIMAL CLASSIFICATION NUMBER
Classification number WB460 P569 1997
Edition number 21
100 ## - MAIN ENTRY--PERSONAL NAME
Personal name Edited by Sally French.
9 (RLIN) 11086
245 00 - TITLE STATEMENT
Title Physiotherapy :a psychosocial approach
250 ## - EDITION STATEMENT
Edition statement 2nd ed.
260 ## - PUBLICATION, DISTRIBUTION, ETC. (IMPRINT)
Place of publication, distribution, etc. Oxford ;
Name of publisher, distributor, etc. Butterworth-Heinemann,
Date of publication, distribution, etc. 1997.
300 ## - PHYSICAL DESCRIPTION
Extent viii, 438 p. ;
Dimensions 25 cm.
504 ## - BIBLIOGRAPHY, ETC. NOTE
Bibliography, etc Includes bibliographical references and index.
650 #0 - SUBJECT ADDED ENTRY--TOPICAL TERM
Topical term or geographic name as entry element Physical therapy
9 (RLIN) 2271
650 22 - SUBJECT ADDED ENTRY--TOPICAL TERM
Topical term or geographic name as entry element Psychology.
9 (RLIN) 31
906 ## - LOCAL DATA ELEMENT F, LDF (RLIN)
a 7
b cbc
c orignew
d 1
e ocip
f 19
g y-gencatlg
942 ## - ADDED ENTRY ELEMENTS (KOHA)
Source of classification or shelving scheme Other/Generic Classification Scheme
Koha item type Short Loan
Holdings
Withdrawn status Lost status Source of classification or shelving scheme Damaged status Not for loan Home library Current library Date acquired Source of acquisition Inventory number Total Checkouts Full call number Barcode Date last seen Koha item type
    Other/Generic Classification Scheme     MUST Main Library MUST Main Library 06/01/2015 Donation 01/15456   WB460 P569 1997 2015-0012 06/01/2015 Short Loan
    Other/Generic Classification Scheme     MUST Main Library MUST Main Library 04/02/2015 Donation 01/15457   WB460 P569 1997 2015-0258 04/02/2015 Short Loan